00317nam a2200133Ia 4500008004100000041000800041082001400049100002100063245002300084250001200107260003200119300001300151999001900164230724s2023 xx 000 0 und d aeng a328.1/MUD aRohini Mudholkar aPolitical Theories a2019 Ed aPUNEbHIND LAW HOUSE,c2023 a1-1072p. c751140d751140